LEADER 01242nam0-2200385li-450 001 990000270210203316 005 20180312154646.0 010 $a0-8186-0756-4 035 $a0027021 035 $aUSA010027021 035 $a(ALEPH)000027021USA01 035 $a0027021 100 $a20001109d1987----km-y0itay0103----ba 101 0 $aeng 102 $aUS 200 1 $aTutorial computer and network security$fMarshall D. Abrams and Harold J. Podell 210 $aWashington$cIEEE Computer Society$dcopyr. 1987 215 $aVII, 430 p.$cill.$d28 cm 610 1 $aarchivi di dati$acontrollo 676 $a0058$9Sicurezza dei dati 700 1$aAbrams,$bMarshall D.$0746108 702 1$aPodell,$bHarold J. 801 $aSistema bibliotecario di Ateneo dell' Università di Salerno$gRICA 912 $a990000270210203316 951 $a005.8 ABR (A)$b0014123$c005.8$d00106559 951 $a005.8 ABR (B)$b0015419$c005.8$d00106560 959 $aBK 969 $aSCI 979 $c19931203 979 $c20001110$lUSA01$h1716 979 $aALANDI$b90$c20010327$lUSA01$h1733 979 $c20020403$lUSA01$h1635 979 $aPATRY$b90$c20040406$lUSA01$h1619 996 $aTutorial computer and network security$91488791 997 $aUNISA LEADER 02328nas 2200457 n 450 001 990008912080403321 005 20240229084533.0 011 $a0365-317X 035 $a000891208 035 $aFED01000891208 035 $a(Aleph)000891208FED01 035 $a000891208 091 $2CNR$aP 00045004 100 $a20090724b19471985km-y0itaa50------ba 101 0 $aita 102 $aIT 110 $aauu-------- 200 1 $aAtti dell'Istituto Geologico della Università di Pavia 207 1$a1947-1985 210 $aPavia$cTipografia del Libro 430 0$12001$aPubblicazioni dell'Istituto di Geologia dell'Università di Pavia 440 0$1001000891408$12001$aAtti ticinensi di scienze della terra 530 0 $aAtti dell'Istituto Geologico della Università di Pavia 675 $a55 675 $a56 676 $a550 676 $a560 712 02$aUniversità degli studi di Pavia.$bIstituto geologico 801 0$aIT$bACNP$c20090723 859 4 $uhttp://acnp.cib.unibo.it/cgi-ser/start/it/cnr/dc-p1.tcl?catno=31067&person=false&language=ITALIANO&libr=&libr_th=unina1$zBiblioteche che possiedono il periodico 901 $aSE 912 $a990008912080403321 958 $aBiblioteca del Gruppo Geomineralogico - Università degli studi di Napoli Federico II$b1951;1960-1961;1963-1968;1978-1981;1983-1985.$eSc. 34$fGM1 958 $aBiblioteca. Dipartimento di Ingegneria Idraulica, Geotecnica e Ambientale. Sede di p.le Tecchio (Geologia applicata). Università degli studi di Napoli Federico II$b1947-1983;$fDINGE 959 $aGM1 959 $aDINGE 996 $aAtti dell'Istituto Geologico della Università di Pavia$9799996 997 $aUNINA AP1 8 $6866-01$aNA081 Biblioteca del Gruppo Geomineralogico - Università degli studi di Napoli Federico II$bSc. 34$elargo San Marcellino, 10, 80138 Napoli (NA)$m0812538157$nit AP1 8 $6866-02$aNA118 Biblioteca. Dipartimento di Ingegneria Idraulica, Geotecnica e Ambientale. Sede di p.le Tecchio (Geologia applicata). Università degli studi di Napoli Federico II$ep.le Tecchio,80, Napoli (NA)$m(081) 7682169$m(081) 7682162$nit AP2 40$aacnp.cib.unibo.it$nACNP Italian Union Catalogue of Serials$uhttp://acnp.cib.unibo.it/cgi-ser/start/it/cnr/df-p.tcl?catno=31067&language=ITALIANO&libr=&person=&B=1&libr_th=unina&proposto=NO